Central Library OPAC University of Rajshahi

Present problems in the democratization of secondary and higher education / (Record no. 60772)

MARC details
000 -LEADER
fixed length control field 00885nam a2200277 a 4500
001 - CONTROL NUMBER
control field 60772
003 - CONTROL NUMBER IDENTIFIER
rucl marc code BD-RjUL
005 - DATE AND TIME OF LATEST TRANSACTION
control field 20211209080900.0
008 - FIXED-LENGTH DATA ELEMENTS--GENERAL INFORMATION
fixed length control field 170102s1973 fr b i000 0 eng
020 ## - INTERNATIONAL STANDARD BOOK NUMBER
International Standard Book Number 9231010689
International Standard Book Number 9232010682
035 ## - SYSTEM CONTROL NUMBER
System control number (BD-RjUL)60896
040 ## - CATALOGING SOURCE
Original cataloging agency BD-RjUL
Transcribing agency BD-RjUL
Modifying agency BD-RjUL
Language of cataloging eng
041 ## - LANGUAGE CODE
Language code of text/sound track or separate title eng
082 00 - DEWEY DECIMAL CLASSIFICATION NUMBER
Edition number 23
Classification number 378.00904
Author mark and year PRE 1973
245 00 - TITLE STATEMENT
Title Present problems in the democratization of secondary and higher education /
Statement of responsibility, etc. by A. le Gall ... [et. all]
260 ## - PUBLICATION, DISTRIBUTION, ETC. (IMPRINT)
Place of publication, distribution, etc. Paris :
Name of publisher, distributor, etc. Unesco,
Date of publication, distribution, etc. 1973.
300 ## - PHYSICAL DESCRIPTION
Pagination 238 p. :
Size 24 cm.
490 1# - SERIES STATEMENT
Series statement Development of higher education
504 ## - BIBLIOGRAPHY, ETC. NOTE
Bibliography, etc Includes bibliographical references.
650 #0 - SUBJECT ADDED ENTRY--TOPICAL TERM
Topical term or geographic name as entry element Education, Higher.
Geographic subdivision Sweden.
9 (RLIN) 181077
Topical term or geographic name as entry element Education
Geographic subdivision Sweden.
9 (RLIN) 181078
700 1# - ADDED ENTRY--PERSONAL NAME
Personal name Le Gall, André,
Dates associated with a name 1904-
830 ## - SERIES ADDED ENTRY--UNIFORM TITLE
Uniform title Development of higher education
942 ## - ADDED ENTRY ELEMENTS (KOHA)
Source of classification or shelving scheme Dewey Decimal Classification
Koha item type Books
Holdings
Lost status Source of classification or shelving scheme Damaged status Not for loan Collection code Permanent Location Current Location Shelving location Date acquired Source of acquisition Total Checkouts Full call number Date last seen Copy number Koha item type
  Dewey Decimal Classification   Not For Loan Non-fiction Central Library, University of Rajshahi Central Library, University of Rajshahi Reading Room 05/12/1981 Unesco   378.00904 PRE 1973 02/01/2017 C-1 Books